مكتبة جامعة عجلون الوطنية

فهرس بحث المكتبة

Normal view MARC view
  • computer NetWorking

Entry Topical Term

Number of records used in: 1

001 - CONTROL NUMBER

  • control field: 6726

003 - CONTROL NUMBER IDENTIFIER

  • control field: JO-AjAnu

005 - DATE AND TIME OF LATEST TRANSACTION

  • control field: 20230606071405.0

008 - FIXED-LENGTH DATA ELEMENTS

  • fixed length control field: 230606|| aca||aabn | a|a d

040 ## - CATALOGING SOURCE

  • Original cataloging agency: JO-AjAnu
  • Transcribing agency: JO-AjAnu

150 ## - HEADING--TOPICAL TERM

  • Topical term or geographic name entry element: computer NetWorking

670 ## - SOURCE DATA FOUND

  • Source citation: Work cat.: (JO-AjAnu)3486: Callaway.jason, author 6725, Computer NetWorking 2 Books in 1 All you Need to Know to Become a Networking Engineer form Scratch: Wireless Technologies ,Network system, IP subnetting,Cybersecurity,and much more